000 00412nam a2200145Ia 4500
008 230917s9999||||xx |||||||||||||| ||und||
040 _e217562
_aMAIN
041 _aEnglish
082 _a355.00954 C674H
100 _aCole, B L
245 0 _aHandbook for the Indian army: Rajputana classes, Jats, Gujars and Ahirs
260 _aNew Delhi
_bThree Rivers Publishers
_c2012
300 _axv, 203 p.
942 _cBK
999 _c178412
_d178412